Statistics for Guess the country these wines come from (2)

Click here to take the quiz!

General Stats

  • This quiz has been taken 9 times
  • The average score is 4 of 15

Answer Stats

WineCountry% Correct
Podrumi Manastira TvrdosBosnia and Herzegovina
63%
Crna TamjanikaSerbia
63%
Plavac MaliCroatia
38%
SoroaCuba
25%
Tunjung BrutIndonesia
25%
Vukoje Rezerva VranacMontenegro
25%
Tikves Cuvée Methodius VranecNorth Macedonia
25%
IntipalkaPeru
25%
Cuvée de TlemcenAlgeria
13%
Kangun - RkatsiteliArmenia
13%
Château DeFay Santa Maria BlancGuatemala
13%
LeleshwaKenya
13%
Doluca SarafinTurkey
13%
CopeyCosta RIca
0%
Beykush Telti-KurukUkraine
0%

Score Distribution

Percentile by Number Answered

Percent of People with Each Score

Your Score History

You have not taken this quiz